Machine Learning Algorithms (Record no. 225180)

MARC details
000 -LEADER
fixed length control field 00535nam a2200181Ia 4500
008 - FIXED-LENGTH DATA ELEMENTS--GENERAL INFORMATION
fixed length control field 230714s9999 xx 000 0 und d
020 ## - INTERNATIONAL STANDARD BOOK NUMBER
International Standard Book Number 9780000000000
041 ## - LANGUAGE CODE
Language code of text/sound track or separate title eng
082 ## - DEWEY DECIMAL CLASSIFICATION NUMBER
Classification number 006.31
Item number BON
100 ## - MAIN ENTRY--PERSONAL NAME
Personal name Bonaccorso G.
9 (RLIN) 201500
245 ## - TITLE STATEMENT
Title Machine Learning Algorithms
Remainder of title Popular Algorithms For Data Science And Machine Learning
250 ## - EDITION STATEMENT
Edition statement 2nd ed.
260 ## - PUBLICATION, DISTRIBUTION, ETC. (IMPRINT)
Date of publication, distribution, etc. 2018
Name of publisher, distributor, etc. Packt
300 ## - PHYSICAL DESCRIPTION
Extent 508
365 ## - TRADE PRICE
Currency code Rs.
Price amount 1499.00
700 ## - ADDED ENTRY--PERSONAL NAME
Personal name Bonaccorso G.
9 (RLIN) 201500
906 ## - LOCAL DATA ELEMENT F, LDF (RLIN)
d O:0638218-Feb-2019B:IN100814-Feb-2019
c BCOMP
b 1499

No items available.